00461nam a22001217a 4500008004100000050002800041100002700069245014700096260001800243300003200261521002200293650002400315181015b xxu||||| |||| 00| 0 eng d aLC 1047 .D44 .M 88 2012 aMwangi Francis Muthee aFactors affecting quality of education and training in public technical institutions:bA case study of kabete technical training institute/ aKenya:c2012. axii,59p . :bIll , ;c30cm. aExecutive masters aTechnical education